000 00634nam a2200181 i 4500
001 47682
003 ES-MaACL
005 20230906161617.0
007 t|
008 030519n19001999gw ||||1| ger d
100 1 _aCooper, James Fenimore.
_940390
245 1 0 _aLederstrumpf-erzèahlungen /
_cJames Fenimore Cooper ; überstzt und bearbeitet von K. Kühlewein mit 5 farbigen und 100 schwarzen bildern von Leo Bauer.
260 _aStuttgart :
_bK. Thienemanns,
_c[19--]
300 _a560 p. [5] h. lám. :
_bil. ;
_c21 cm.
700 1 _aKühlewein, K.
_968970
700 1 _aBauer, Leo.
_926557
852 _aES-MaACL
_jA-4844
_bR.16786
999 _c47682
_d47682